The lord of the rings
To protect a magic ring, Frodo, the hobbit, must undertake a long and dangerous journey
Đã lưu trong:
| Tác giả chính: | |
|---|---|
| Định dạng: | Sách |
| Ngôn ngữ: | Undetermined |
| Được phát hành: |
New York
BBC Enterprises LTD
1987
|
| Những chủ đề: | |
| Các nhãn: |
Thêm thẻ
Không có thẻ, Là người đầu tiên thẻ bản ghi này!
|
| Thư viện lưu trữ: | Trung tâm Học liệu Trường Đại học Cần Thơ |
|---|
| LEADER | 00764nam a2200205Ia 4500 | ||
|---|---|---|---|
| 001 | CTU_171330 | ||
| 008 | 210402s9999 xx 000 0 und d | ||
| 082 | |a 823.912 | ||
| 082 | |b T649/P.2 | ||
| 100 | |a Tolkien, J.R.R | ||
| 245 | 4 | |a The lord of the rings | |
| 245 | 0 | |c J.R.R. TolKien | |
| 260 | |a New York | ||
| 260 | |b BBC Enterprises LTD | ||
| 260 | |c 1987 | ||
| 520 | |a To protect a magic ring, Frodo, the hobbit, must undertake a long and dangerous journey | ||
| 650 | |a Fantasy fiction, English,Tiểu thuyết viễn tưởng Anh,Phim truyện,Wizards,Phù Thủy,Magicians,Feature films,Pháp sư | ||
| 650 | |x Drama,Phim,Drama,Phim | ||
| 904 | |i Phỉ, Hồng Cẩm, Năm | ||
| 980 | |a Trung tâm Học liệu Trường Đại học Cần Thơ | ||